| 000 | 01185nam a2200313 4500 | ||
|---|---|---|---|
| 001 | 0000014765 | ||
| 003 | CO-CtgCURN | ||
| 005 | 20250508165308.0 | ||
| 007 | ta | ||
| 008 | 160627s1995 000 0 eng d | ||
| 020 | _a9586002446 | ||
| 040 |
_aCO-CtgCURN _bspa _ccoctgcurn |
||
| 082 | 0 |
_a339 _bF76m |
|
| 100 | 1 | _aFroyen, Richard T. | |
| 245 | 1 | 0 |
_aMacroeconomia : _bteorias y políticas / _cRichard T. Froyen , traducción Gloria Rosas Lopetegui. |
| 250 | _a4a ed. | ||
| 260 |
_aBogotá : _bMcGraw Hill-Interamericana, _c1995. |
||
| 300 | _axxv, 710 p. | ||
| 336 | _2rdacontent | ||
| 337 |
_2rdamedia _asin mediacion _bn |
||
| 338 |
_2rdacarrier _avolumen _bnc |
||
| 500 | _aIncluye glosario (p. 693-701) | ||
| 505 | 8 | _aMedicion de las variables macroeconomicas.--Modelos macroeconomicos.--La contrarrevolucion monetarista.--La nueva economia clásica.--Extensiones de los modelos.--Política economica.--Macroeconomia de una economia abierta | |
| 650 | 1 | 4 | _aMacroeconomia. |
| 700 | 1 |
_aRosas Lopetegui, Gloria Elizabeth, _eTraductor. |
|
| 908 | _a160627 | ||
| 942 |
_cBK _h339 _iF76m _2ddc _n0 |
||
| 999 |
_c18625 _d18625 |
||